[Event "3eme Open International de La Fere"]
[Site "La Fere (FRA)"]
[Date "2004.??.??"]
[Round "6.42"]
[White "Delescluse, Oriane"]
[Black "Hutin, Evgueny"]
[Result "0-1"]
[WhiteElo "1640"]
[BlackElo "1900"]
[PlyCount "46"]
[EventDate "2004.??.??"]

1. e4 c5 2. Nf3 e6 3. d4 cxd4 4. Nxd4 a6 5. Nc3 b5 6. Bd3 Qb6 7. Be3 Bc5 8.
Nce2 Nf6 9. c3 Qc7 10. Ng3 Bb7 11. O-O d5 12. Qc2 O-O 13. Rfe1 dxe4 14. Bxe4
Nxe4 15. Nxe4 Be7 16. Ng5 g6 17. Ndxe6 fxe6 18. Nxe6 Qc6 19. f3 Qxe6 20. Bh6
Qb6+ 21. Kh1 Rf7 22. Qb3 Qc5 23. Rad1 Nc6 0-1

[Event "3eme Open International de La Fere"]
[Site "La Fere (FRA)"]
[Date "2004.??.??"]
[Round "7.1"]
[White "Bratanov, Zsivko"]
[Black "Malakhatko, Vadim"]
[Result "1/2-1/2"]
[WhiteElo "2432"]
[BlackElo "2555"]
[PlyCount "75"]
[EventDate "2004.??.??"]

1. d4 Nf6 2. c4 c6 3. Nc3 d5 4. cxd5 cxd5 5. Bf4 Nc6 6. e3 a6 7. Rc1 Bf5 8. Nf3
e6 9. Qb3 Ra7 10. Be2 Nd7 11. O-O Be7 12. Ne1 O-O 13. Nd3 Na5 14. Qd1 b5 15. b3
Ba3 16. Rc2 Nf6 17. Nb1 Bd6 18. Bxd6 Qxd6 19. Qc1 Nd7 20. Qa3 Qxa3 21. Nxa3
Rfa8 22. Rfc1 Kf8 23. Kf1 Ke7 24. Ke1 g5 25. Kd2 Bg6 26. Rc8 Rxc8 27. Rxc8 Nb6
28. Rc1 Nd7 29. Nb4 Kd8 30. h4 gxh4 31. Rh1 Nb8 32. Nac2 Nac6 33. Rxh4 Nxb4 34.
Nxb4 a5 35. Nd3 b4 36. Bd1 Nd7 37. Nf4 Ke7 38. Bc2 1/2-1/2

[Event "3eme Open International de La Fere"]
[Site "La Fere (FRA)"]
[Date "2004.??.??"]
[Round "7.2"]
[White "Van Der Weide, Karel"]
[Black "Karpatchev, Aleksandr"]
[Result "1/2-1/2"]
[WhiteElo "2471"]
[BlackElo "2463"]
[PlyCount "133"]
[EventDate "2004.??.??"]

1. e4 e5 2. Nf3 Nc6 3. d4 exd4 4. Nxd4 Qf6 5. Be3 Bc5 6. c3 Nge7 7. Bc4 Ne5 8.
Be2 Qg6 9. O-O O-O 10. Nd2 d6 11. Bh5 Qf6 12. f4 N5c6 13. Kh1 g6 14. Bf3 Nxd4
15. cxd4 Bxd4 16. e5 dxe5 17. fxe5 Bxe5 18. Bxb7 Nf5 19. Bxa8 Nxe3 20. Rxf6
Nxd1 21. Rf1 Nxb2 22. Bd5 Ba6 23. Rf3 Rd8 24. Bxf7+ Kg7 25. Nb3 Nd1 26. Nc5 Rd6
27. Ne6+ Rxe6 28. Rxd1 Re7 29. Re1 Bb7 30. Rf2 Bf6 31. Rxe7 Bxe7 32. Bc4 Bf6
33. Rd2 Bc6 34. Bd5 Be8 35. Rc2 Be5 36. Rc4 Bb5 37. Rc5 a6 38. Rc2 Be8 39. Bb7
Bb5 40. Bc6 Bd6 41. Bxb5 axb5 42. g3 Kf6 43. Kg2 h5 44. Kf3 Kf5 45. Rd2 b4 46.
Rd5+ Ke6 47. Rg5 Kf6 48. Rb5 c5 49. Ke4 Ke6 50. Rb6 c4 51. Rc6 c3 52. h3 g5 53.
g4 hxg4 54. hxg4 Kd7 55. Kd5 Bf4 56. a3 bxa3 57. Rxc3 Bd6 58. Rc6 Bb4 59. Ra6
Kc7 60. Kc4 Bd6 61. Kb5 Kd7 62. Kc4 Kc7 63. Kd5 Bb4 64. Ke6 Kb7 65. Ra4 Bf8 66.
Kf6 Kb6 67. Kxg5 1/2-1/2

[Event "3eme Open International de La Fere"]
[Site "La Fere (FRA)"]
[Date "2004.??.??"]
[Round "7.4"]
[White "Pytel, Krzysztof"]
[Black "Zozulia, Anna"]
[Result "0-1"]
[WhiteElo "2416"]
[BlackElo "2324"]
[PlyCount "60"]

1. d4 Nf6 2. Nf3 c5 3. e3 g6 4. c4 Bg7 5. Nc3 b6 6. Be2 O-O 7. O-O d6 8. h3
Nbd7 9. d5 a6 10. a4 Qc7 11. e4 e6 12. Bg5 exd5 13. exd5 Re8 14. Nd2 h6 15. Bh4
Nf8 16. f4 Bd7 17. g4 h5 18. Kh2 hxg4 19. hxg4 Rxe2+ 20. Qxe2 Re8 21. Qd1 Nxg4+
22. Kh1 Ne3 23. Qf3 Nxf1 24. Rxf1 Bf5 25. Nde4 Nh7 26. Ng3 Qd7 27. Nce4 Bxe4
28. Nxe4 Rxe4 29. Qxe4 Qh3+ 30. Kg1 Qxh4 0-1

[Event "3eme Open International de La Fere"]
[Site "La Fere (FRA)"]
[Date "2004.??.??"]
[Round "7.6"]
[White "Afek, Yochanan"]
[Black "Levin, Felix"]
[Result "1/2-1/2"]
[WhiteElo "2325"]
[BlackElo "2506"]
[PlyCount "92"]
[EventDate "2004.??.??"]

1. e4 e5 2. Nf3 Nc6 3. d4 exd4 4. Nxd4 Bc5 5. Be3 Qf6 6. c3 Nge7 7. g3 d5 8.
Bg2 dxe4 9. Nd2 Bb6 10. Nxe4 Qg6 11. Nxc6 Nxc6 12. Bxb6 axb6 13. O-O O-O 14.
Qd2 Bf5 15. Qf4 Rfe8 16. Rfe1 Re7 17. Nd2 Rae8 18. Rxe7 Rxe7 19. Nf3 Qg4 20.
Qxg4 Bxg4 21. Re1 Kf8 22. Rxe7 Kxe7 23. Kf1 Be6 24. b3 Bf5 25. Ke2 b5 26. b4
Be6 27. a3 Bc4+ 28. Ke3 Bd5 29. Bf1 Bxf3 30. Kxf3 Na7 31. Ke4 Nc8 32. Kd4 Nd6
33. Bd3 h6 34. f3 c6 35. h4 b6 36. g4 f6 37. c4 bxc4 38. Bxc4 b5 39. Bb3 Kd7
40. a4 bxa4 41. Bxa4 Kc7 42. Bc2 g5 43. h5 Kb6 44. Bd3 Kc7 45. Ke3 Kb6 46. Kd4
Kc7 1/2-1/2

[Event "3eme Open International de La Fere"]
[Site "La Fere (FRA)"]
[Date "2004.??.??"]
[Round "7.7"]
[White "Dumitrache, Dragos-Nicolae"]
[Black "Sebe-Vodislav, Florian-George"]
[Result "1-0"]
[WhiteElo "2470"]
[BlackElo "2298"]
[PlyCount "33"]

1. d4 d5 2. c4 e5 3. dxe5 d4 4. Nf3 Nc6 5. g3 Nge7 6. Bg2 Ng6 7. Qa4 Bb4+ 8.
Bd2 Be7 9. Nxd4 Qxd4 10. Bxc6+ Kf8 11. Bc3 Qg4 12. Bf3 Qf5 13. Qa5 c6 14. Qc7
h5 15. Nd2 h4 16. Be4 Qe6 17. O-O-O 1-0

[Event "3eme Open International de La Fere"]
[Site "La Fere (FRA)"]
[Date "2004.??.??"]
[Round "7.8"]
[White "Szabo, Gergely-Andras-Gyul"]
[Black "Visser, Henk-Jan"]
[Result "1-0"]
[WhiteElo "2422"]
[BlackElo "2243"]
[PlyCount "79"]

1. e4 c5 2. Nf3 d6 3. d4 cxd4 4. Qxd4 Nf6 5. Nc3 a6 6. Bg5 e6 7. O-O-O Nc6 8.
Qd2 Qc7 9. Bf4 e5 10. Bg5 Be6 11. Kb1 Rc8 12. Bxf6 gxf6 13. Nd5 Bxd5 14. Qxd5
Ne7 15. Qb3 Bg7 16. g3 O-O 17. Bh3 Rcd8 18. Nh4 Qc6 19. Nf5 Rfe8 20. Qf3 Nxf5
21. Bxf5 Re7 22. Rd2 b5 23. h4 Rc7 24. g4 h6 25. g5 fxg5 26. hxg5 hxg5 27. Qh5
d5 28. Qxg5 Qf6 29. Qxf6 Bxf6 30. exd5 Rd6 31. Rd3 Rc4 32. f3 Rf4 33. Be4 Bh4
34. a3 Kf8 35. Rc3 Ke7 36. Rc7+ Rd7 37. d6+ Ke6 38. Rd1 f5 39. Bb7 a5 40. Bc8
1-0

[Event "3eme Open International de La Fere"]
[Site "La Fere (FRA)"]
[Date "2004.??.??"]
[Round "7.10"]
[White "Gharamian, Tigran"]
[Black "Leuw, Micha"]
[Result "1-0"]
[WhiteElo "2398"]
[BlackElo "2193"]
[PlyCount "69"]
[EventDate "2004.??.??"]

1. e4 c5 2. Nc3 e6 3. g3 Nc6 4. Nge2 d6 5. Bg2 Nge7 6. O-O g6 7. d4 cxd4 8.
Nxd4 a6 9. a4 Bg7 10. Nb3 b6 11. Nd2 d5 12. exd5 exd5 13. Nb3 Be6 14. Ne2 Qd7
15. Nbd4 Nxd4 16. Nxd4 O-O 17. Re1 Rfe8 18. Nxe6 fxe6 19. c3 Kh8 20. Be3 b5 21.
Bd4 Nc6 22. Bxg7+ Kxg7 23. axb5 axb5 24. Rxa8 Rxa8 25. Qe2 Nd8 26. h4 Ra6 27.
h5 Nf7 28. Bh3 Ng5 29. Qe5+ Kh6 30. Bg4 Qg7 31. Qf4 Ra4 32. b4 Qxc3 33. Re5
Qxe5 34. Qxe5 Rxb4 35. f4 1-0

[Event "3eme Open International de La Fere"]
[Site "La Fere (FRA)"]
[Date "2004.??.??"]
[Round "7.11"]
[White "Meijers, Viesturs"]
[Black "Oudot, Jean-Baptiste"]
[Result "1-0"]
[WhiteElo "2477"]
[BlackElo "2090"]
[PlyCount "113"]
[EventDate "2004.??.??"]

1. e4 c5 2. Nf3 Nc6 3. d4 cxd4 4. Nxd4 Nf6 5. Nc3 e5 6. Ndb5 d6 7. Bg5 a6 8.
Na3 b5 9. Nd5 Be7 10. Bxf6 Bxf6 11. c3 Ne7 12. Nc2 Bb7 13. Nce3 Bg5 14. Nxe7
Bxe3 15. Nf5 Bc5 16. b4 g6 17. bxc5 gxf5 18. Qxd6 Qxd6 19. cxd6 Bxe4 20. a4 Kd7
21. axb5 axb5 22. Bxb5+ Kxd6 23. O-O Rxa1 24. Rxa1 Ra8 25. Rxa8 Bxa8 26. g3 Kc5
27. Be2 Bd5 28. Kf1 h6 29. Ke1 f6 30. Kd2 Be6 31. Kc2 Bd7 32. Kb3 Be6+ 33. Ka3
Bd7 34. Bd3 Be6 35. Kb2 Bd7 36. Kc2 Be6 37. Kd2 Bd7 38. Ke2 Bc8 39. Kf1 Be6 40.
Kg2 e4 41. Be2 Bc4 42. Kf1 Be6 43. Ke1 Kd5 44. Kd2 Ke5 45. Ke3 Bd7 46. Ba6 Bc6
47. c4 Bd7 48. Bb7 Be6 49. c5 h5 50. h4 Bd5 51. Bxd5 Kxd5 52. Kf4 Kxc5 53. Kxf5
Kc4 54. Kxf6 Kd3 55. Kf5 Kd4 56. g4 hxg4 57. Kxg4 1-0

[Event "3eme Open International de La Fere"]
[Site "La Fere (FRA)"]
[Date "2004.??.??"]
[Round "7.12"]
[White "Vinsot, Robin-Gael"]
[Black "Sarakauskas, Gediminas"]
[Result "0-1"]
[WhiteElo "2078"]
[BlackElo "2442"]
[PlyCount "66"]
[EventDate "2004.??.??"]

1. Nf3 c5 2. c4 Nc6 3. Nc3 e5 4. g3 g6 5. Bg2 Bg7 6. O-O Nge7 7. d3 O-O 8. Bg5
h6 9. Bd2 d6 10. Ne1 f5 11. Nc2 f4 12. Rb1 Be6 13. b4 Qd7 14. Nd5 Rae8 15. b5
Nd8 16. b6 Bxd5 17. bxa7 Bxg2 18. a8=Q Qh3 19. f3 fxg3 20. hxg3 Qh1+ 21. Kf2
Qh2 22. Ke1 Ndc6 23. Qa3 Nf5 24. Be3 Bxf1 25. Kxf1 Ncd4 26. Ke1 Nxc2+ 27. Qxc2
Nxe3 28. Qcb3 Qxg3+ 29. Kd2 Qg5 30. Ke1 h5 31. Qa7 Re7 32. Qbb6 Bh6 33. Qa4
Qg3+ 0-1

[Event "3eme Open International de La Fere"]
[Site "La Fere (FRA)"]
[Date "2004.??.??"]
[Round "7.14"]
[White "Molet, Asher"]
[Black "Ciuksyte, Dagne"]
[Result "0-1"]
[WhiteElo "2019"]
[BlackElo "2338"]
[PlyCount "34"]
[EventDate "2004.??.??"]

1. d4 Nf6 2. Nf3 e6 3. Bg5 h6 4. Bxf6 Qxf6 5. e4 g6 6. Bd3 Bg7 7. O-O d6 8. c3
O-O 9. Nbd2 Nd7 10. Qe2 e5 11. Rac1 c6 12. dxe5 dxe5 13. Rfd1 Nc5 14. Bc2 b6
15. Nc4 Ba6 16. b4 Ne6 17. g3 Bxc4 0-1

[Event "3eme Open International de La Fere"]
[Site "La Fere (FRA)"]
[Date "2004.??.??"]
[Round "7.16"]
[White "Laurent, Julien G"]
[Black "Bertrand, Eric"]
[Result "1-0"]
[WhiteElo "2212"]
[BlackElo "2012"]
[PlyCount "79"]
[EventDate "2004.??.??"]

1. e4 c5 2. b3 d6 3. Bb2 Nc6 4. Bb5 Bd7 5. f4 Nf6 6. d3 e6 7. Nf3 a6 8. Bxc6
Bxc6 9. O-O d5 10. e5 Ng4 11. Qe1 h5 12. Nbd2 Be7 13. f5 Qa5 14. h3 Nh6 15. f6
gxf6 16. exf6 Bd6 17. Nc4 Qxe1 18. Nxd6+ Kd7 19. Raxe1 Kxd6 20. Be5+ Kd7 21.
Nh4 d4 22. Rf2 Bd5 23. Bf4 Rae8 24. Re5 Ng8 25. Rg5 Rh7 26. Be5 b5 27. a3 a5
28. Kh2 Kc6 29. Kg3 Nh6 30. Rg7 Rxg7+ 31. fxg7 f5 32. Ng6 Kd7 33. Kh4 Rg8 34.
Kg5 Nf7+ 35. Kf6 Nxe5 36. Nxe5+ Ke8 37. Rf4 Bxg2 38. Rh4 f4 39. Rxh5 Rxg7 40.
Rh8+ 1-0

[Event "3eme Open International de La Fere"]
[Site "La Fere (FRA)"]
[Date "2004.??.??"]
[Round "7.17"]
[White "Molenaar, Joseph"]
[Black "Joie, Sebastien"]
[Result "1/2-1/2"]
[WhiteElo "2171"]
[BlackElo "2000"]
[PlyCount "130"]
[EventDate "2004.??.??"]

1. d4 d6 2. c4 e5 3. e3 Nd7 4. Nc3 Be7 5. Nf3 Ngf6 6. b3 c6 7. Bd3 Qc7 8. Bb2
O-O 9. O-O exd4 10. exd4 Nb6 11. h3 d5 12. c5 Nbd7 13. Re1 Re8 14. Re3 Nf8 15.
Ne5 Ne6 16. Ne2 g6 17. Rc1 Ng7 18. Ng3 Nfh5 19. Rc2 Nf4 20. Re1 Nxd3 21. Qxd3
Bf5 22. Nxf5 Nxf5 23. Bc1 f6 24. Ng4 Kf7 25. Rce2 h5 26. Nh6+ Nxh6 27. Bxh6 Qd7
28. Qf3 f5 29. Bf4 Bf6 30. Be5 Re6 31. Qf4 Rae8 32. Qh6 Rh8 33. Qf4 Rhe8 34. g4
hxg4 35. hxg4 fxg4 36. Bxf6 Rxf6 37. Qh6 Ree6 38. Qh7+ Ke8 39. Rxe6+ Rxe6 40.
Qxg6+ Ke7 41. Qg5+ Kf7 42. Rxe6 Qxe6 43. Qf4+ Kg6 44. Qd6 Kf5 45. Qf8+ Ke4 46.
Qg7 Kf3 47. Qe5 Qxe5 48. dxe5 d4 49. Kf1 d3 50. Ke1 d2+ 51. Kxd2 Kxf2 52. e6 g3
53. e7 g2 54. e8=Q g1=Q 55. Qe3+ Kg2 56. Qxg1+ Kxg1 57. Ke3 Kf1 58. b4 Ke1 59.
a4 a6 60. Kd3 Kd1 61. b5 axb5 62. axb5 cxb5 63. Kc3 Ke2 64. Kb4 Kd3 65. Kxb5
Kd4 1/2-1/2

[Event "3eme Open International de La Fere"]
[Site "La Fere (FRA)"]
[Date "2004.??.??"]
[Round "7.18"]
[White "Rigolot, Matthieu"]
[Black "Varoquier, Romain"]
[Result "1-0"]
[WhiteElo "2157"]
[BlackElo "1940"]
[PlyCount "49"]
[EventDate "2004.??.??"]

1. d4 d5 2. c4 e6 3. Nf3 Nf6 4. e3 Be7 5. Nbd2 O-O 6. b3 b6 7. Bd3 Bb7 8. Bb2
Nbd7 9. O-O Ne4 10. Qc2 f5 11. Rac1 Rc8 12. Ne1 Bb4 13. Ndf3 Qe7 14. Be2 g5 15.
Nd3 g4 16. Nfe5 Nxe5 17. Nxe5 Rf6 18. f3 Bd2 19. fxe4 Bxe3+ 20. Kh1 Rh6 21.
Bxg4 Qh4 22. Bh3 dxc4 23. Nf3 cxb3 24. Qxb3 Qxe4 25. Bxf5 1-0

[Event "3eme Open International de La Fere"]
[Site "La Fere (FRA)"]
[Date "2004.??.??"]
[Round "7.19"]
[White "Moulin, Serge"]
[Black "Minet, Steve"]
[Result "0-1"]
[WhiteElo "1932"]
[BlackElo "2154"]
[PlyCount "76"]
[EventDate "2004.??.??"]

1. Nf3 d5 2. d4 c6 3. g3 Nf6 4. Bg2 Nbd7 5. c4 e6 6. cxd5 exd5 7. Bf4 Be7 8.
O-O O-O 9. Nc3 Nh5 10. Rb1 Nxf4 11. gxf4 a5 12. a3 Bd6 13. e3 Re8 14. b4 axb4
15. axb4 b5 16. Ne5 Bxe5 17. fxe5 Nb6 18. f4 Nc4 19. Qe1 Bf5 20. Rd1 Ra3 21.
Kh1 Qe7 22. e4 dxe4 23. d5 Qxb4 24. Nxe4 Qxe1 25. Rfxe1 cxd5 26. Rxd5 Re3 27.
Rxe3 Nxe3 28. Nd6 Nxd5 29. Bxd5 Be6 30. Nxe8 Bxd5+ 31. Kg1 b4 32. Nd6 b3 33.
Nb5 b2 34. Nc3 Be4 35. Kf2 b1=Q 36. Nxb1 Bxb1 37. Ke3 Kf8 38. Kd4 Ke7 0-1

[Event "3eme Open International de La Fere"]
[Site "La Fere (FRA)"]
[Date "2004.??.??"]
[Round "7.20"]
[White "Bardoux, Thierry"]
[Black "Constantin, Francois"]
[Result "1/2-1/2"]
[WhiteElo "2120"]
[BlackElo "1924"]
[PlyCount "69"]
[EventDate "2004.??.??"]

1. d4 d5 2. Nf3 f5 3. c4 e6 4. Nc3 c6 5. e3 Nf6 6. Bd3 Bd6 7. O-O O-O 8. Qc2
Ne4 9. Ne5 Nd7 10. f3 Nxc3 11. Qxc3 Qc7 12. f4 b6 13. Bd2 c5 14. Rfc1 Bb7 15.
Nxd7 Qxd7 16. Be2 dxc4 17. Qxc4 Rf6 18. Rf1 Bd5 19. Qd3 c4 20. Qc2 Qc6 21. Bf3
b5 22. Rac1 b4 23. Qxc4 Qxc4 24. Rxc4 Bxc4 25. Bxa8 Bxf1 26. Kxf1 Rf8 27. Bf3
Rc8 28. Bd1 Kf7 29. Ke2 Kf6 30. Kd3 h6 31. g3 g5 32. Bb3 Be7 33. Ba4 Kf7 34.
Bb3 Kf6 35. Ba4 1/2-1/2

[Event "3eme Open International de La Fere"]
[Site "La Fere (FRA)"]
[Date "2004.??.??"]
[Round "7.21"]
[White "Gaponenko, Inna"]
[Black "Symoens, David"]
[Result "1-0"]
[WhiteElo "2448"]
[BlackElo "1720"]
[PlyCount "97"]
[EventDate "2004.??.??"]

1. e4 c6 2. d4 d5 3. exd5 cxd5 4. c4 Nf6 5. Nc3 Nc6 6. Nf3 g6 7. cxd5 Nxd5 8.
Qb3 e6 9. Bb5 Bg7 10. Ne5 Bd7 11. Nxd5 Nxe5 12. dxe5 exd5 13. O-O Bxb5 14.
Qxb5+ Qd7 15. Qb4 Qe7 16. Bd2 Qxb4 17. Bxb4 Kd7 18. f4 h5 19. Rf3 Bf8 20. Bxf8
Rhxf8 21. f5 Rfe8 22. Re1 Rac8 23. Rd3 Rc5 24. b4 Rb5 25. Rd4 a5 26. a4 Rxb4
27. Rxd5+ Kc6 28. Rxa5 b6 29. Ra7 gxf5 30. Rxf7 Re4 31. Rc1+ Kd5 32. Rxf5 R8xe5
33. Rf6 Rxa4 34. Rxb6 Ra5 35. h3 Ke4 36. Kh2 Kf4 37. Rf1+ Ke4 38. Rb4+ Kd5 39.
Kg3 Rc5 40. Kh4 Ke6 41. Rb6+ Kd5 42. Rf4 Ra5 43. Rbf6 Rb5 44. Rh6 Rb2 45. g3
Rb3 46. Ra4 Rbe3 47. Ra5+ Kd4 48. Rxe5 Rxe5 49. Rxh5 1-0

[Event "3eme Open International de La Fere"]
[Site "La Fere (FRA)"]
[Date "2004.??.??"]
[Round "7.23"]
[White "Boudier, Eric"]
[Black "Sarakauskiene, Zivile"]
[Result "0-1"]
[WhiteElo "1941"]
[BlackElo "2181"]
[PlyCount "56"]
[EventDate "2004.??.??"]

1. e4 c5 2. c4 e6 3. Nc3 a6 4. g3 Nc6 5. Bg2 Nf6 6. d3 Qc7 7. Nge2 Be7 8. O-O
O-O 9. f4 d6 10. a3 b6 11. f5 Nd7 12. Nf4 Nde5 13. Nh5 g6 14. f6 gxh5 15. fxe7
Qxe7 16. Qxh5 f6 17. Bh6 Rf7 18. g4 Bd7 19. g5 fxg5 20. Bxg5 Rxf1+ 21. Rxf1 Qg7
22. Kh1 Qg6 23. Qh4 Rf8 24. Rxf8+ Kxf8 25. Bh6+ Kg8 26. Qf4 Nf7 27. Nd5 exd5
28. cxd5 Nce5 0-1

[Event "3eme Open International de La Fere"]
[Site "La Fere (FRA)"]
[Date "2004.??.??"]
[Round "7.24"]
[White "De Lange, Hans"]
[Black "Rapinel, Franck"]
[Result "0-1"]
[WhiteElo "1900"]
[BlackElo "2165"]
[PlyCount "58"]
[EventDate "2004.??.??"]

1. e4 c5 2. Nc3 d6 3. g3 g6 4. Bg2 Bg7 5. d3 Nc6 6. Be3 Rb8 7. a4 a6 8. Qd2 e6
9. h4 h5 10. Nh3 Nh6 11. f3 e5 12. Nf2 f6 13. Nd5 b6 14. Rd1 Nf7 15. O-O Ne7
16. f4 Nxd5 17. exd5 O-O 18. c3 f5 19. d4 cxd4 20. cxd4 e4 21. Rc1 Bd7 22. Qb4
a5 23. Qa3 b5 24. axb5 Rxb5 25. Rfd1 Qb6 26. Rd2 Rb3 27. Qa1 Rxe3 28. Kh2 Rb3
29. Bf1 e3 0-1

[Event "3eme Open International de La Fere"]
[Site "La Fere (FRA)"]
[Date "2004.??.??"]
[Round "7.25"]
[White "Gosset, Arnaud"]
[Black "Gaignierre, Gilles"]
[Result "1-0"]
[WhiteElo "2146"]
[BlackElo "1900"]
[PlyCount "47"]
[EventDate "2004.??.??"]

1. Nf3 Nf6 2. c4 e6 3. d4 d5 4. Nc3 c6 5. cxd5 exd5 6. Qc2 Qc7 7. Bg5 Nbd7 8.
e3 Bd6 9. Bd3 h6 10. Bxf6 Nxf6 11. h3 Be6 12. O-O-O Rc8 13. Kb1 a6 14. g4 g5
15. Bf5 Qd7 16. e4 Bxf5 17. gxf5 Bb4 18. e5 Bxc3 19. exf6 Ba5 20. h4 gxh4 21.
Ne5 Qd6 22. Qe2 Kf8 23. Qg4 Rh7 24. Rhg1 1-0

[Event "3eme Open International de La Fere"]
[Site "La Fere (FRA)"]
[Date "2004.??.??"]
[Round "7.26"]
[White "Hutin, Evgueny"]
[Black "Platel, Alexandre"]
[Result "1/2-1/2"]
[WhiteElo "1900"]
[BlackElo "2145"]
[PlyCount "107"]
[EventDate "2004.??.??"]

1. d4 d5 2. Nf3 e6 3. e3 f5 4. b3 Nf6 5. Ba3 Bxa3 6. Nxa3 c6 7. Nb1 Ne4 8. Ne5
O-O 9. Bd3 Nd7 10. Nxd7 Bxd7 11. O-O Be8 12. f4 a5 13. c4 b5 14. Nd2 c5 15.
cxb5 cxd4 16. exd4 Qb6 17. Nf3 Bh5 18. Be2 Rac8 19. Rc1 Rc3 20. Rxc3 Nxc3 21.
Qd2 Rc8 22. Bd1 Ne4 23. Qb2 Rc3 24. Kh1 Qxb5 25. Be2 Qb4 26. Rc1 a4 27. Rxc3
Nxc3 28. Qc2 axb3 29. axb3 Kf8 30. Ng1 Bxe2 31. Nxe2 Nxe2 32. Qxe2 Qxd4 33. h3
Ke7 34. Qf3 Qe4 35. Qg3 Kf7 36. Kg1 h6 37. h4 g6 38. Kf1 Qb1+ 39. Ke2 Qc2+ 40.
Ke1 Kf6 41. Kf1 Kf7 42. Qe3 Qd1+ 43. Kf2 d4 44. Qe5 Qc2+ 45. Kf1 Qd1+ 46. Kf2
Qd2+ 47. Kf1 Qd3+ 48. Kf2 Qd2+ 49. Kf3 Qc3+ 50. Kf2 Qc2+ 51. Kg1 d3 52. Qd6 Qc3
53. Qd7+ Kf8 54. Qd8+ 1/2-1/2

[Event "3eme Open International de La Fere"]
[Site "La Fere (FRA)"]
[Date "2004.??.??"]
[Round "7.27"]
[White "Savouret, Frederic"]
[Black "Maufroid, Loic"]
[Result "0-1"]
[WhiteElo "1900"]
[BlackElo "2120"]
[PlyCount "70"]
[EventDate "2004.??.??"]

1. e4 c5 2. Nc3 d6 3. g3 Nf6 4. Bg2 Nc6 5. d3 g6 6. f4 Bg7 7. Nf3 O-O 8. O-O
Bg4 9. h3 Bxf3 10. Bxf3 Nd4 11. Bg2 Rc8 12. Be3 a6 13. Ne2 Nh5 14. Kh2 Qb6 15.
Rb1 Qa5 16. c3 Nxe2 17. Qxe2 Qxa2 18. Qc2 Qa5 19. Ra1 Qc7 20. Qd2 c4 21. d4 e5
22. fxe5 dxe5 23. d5 f5 24. d6 Qd7 25. Qd5+ Kh8 26. exf5 gxf5 27. Qxb7 Qxd6 28.
Rfd1 Qg6 29. Bf2 f4 30. g4 Nf6 31. Rxa6 Rb8 32. Qc6 Rxb2 33. Bc5 Re8 34. Ra8
Nxg4+ 35. hxg4 Qxc6 0-1

[Event "3eme Open International de La Fere"]
[Site "La Fere (FRA)"]
[Date "2004.??.??"]
[Round "7.28"]
[White "Laval, Brice"]
[Black "Petitpas, Steven"]
[Result "1-0"]
[WhiteElo "2106"]
[BlackElo "1900"]
[PlyCount "110"]
[EventDate "2004.??.??"]

1. e4 e5 2. Nf3 Nc6 3. c3 d6 4. d4 Be7 5. Be2 Nf6 6. O-O O-O 7. d5 Nb8 8. Nfd2
Nbd7 9. c4 Re8 10. Nc3 Nf8 11. b4 a5 12. bxa5 Rxa5 13. Nb3 Ra8 14. Be3 b6 15.
a4 Ng6 16. a5 bxa5 17. Nxa5 Bd7 18. c5 dxc5 19. Nb7 Qc8 20. Nxc5 Rxa1 21. Qxa1
c6 22. Nxd7 Nxd7 23. dxc6 Qxc6 24. Bb5 Qb7 25. Rd1 Ra8 26. Qb2 Nf6 27. f3 Rd8
28. Ra1 Ra8 29. Rb1 Rb8 30. Qa2 Qc7 31. Na4 Qa5 32. Qc4 Qd8 33. Rc1 Ba3 34. Rc3
Qd1+ 35. Kf2 Bf8 36. Nb6 Rxb6 37. Rd3 Qa1 38. Bxb6 Nf4 39. Rd2 Qh1 40. Qf1 Qxh2
41. Rd8 Qh4+ 42. Ke3 Qg5 43. Rb8 Nxg2+ 44. Kd3 Nf4+ 45. Kc3 Ne6 46. Qd1 Qf4 47.
Bc5 h6 48. Bd6 Qe3+ 49. Kc4 Qd4+ 50. Qxd4 exd4 51. Bxf8 Nxf8 52. Kxd4 g6 53.
Bc4 N6d7 54. Rb7 Kh7 55. Bxf7 h5 1-0

[Event "3eme Open International de La Fere"]
[Site "La Fere (FRA)"]
[Date "2004.??.??"]
[Round "7.29"]
[White "Gozzoli, Cyrille"]
[Black "Delescluse, Philippe"]
[Result "1-0"]
[WhiteElo "2087"]
[BlackElo "1880"]
[PlyCount "103"]
[EventDate "2004.??.??"]

1. d4 d5 2. Nf3 e6 3. Bf4 Nf6 4. e3 Be7 5. Nbd2 O-O 6. Bd3 b6 7. Ne5 Bb7 8. Qf3
Nbd7 9. Qh3 Re8 10. c3 c5 11. Ndf3 Ne4 12. a4 cxd4 13. exd4 Nf8 14. Bb5 f6 15.
Nc6 Bxc6 16. Bxc6 Rc8 17. Bxe8 Qxe8 18. O-O Rc4 19. a5 b5 20. Nd2 Rc6 21. Qd3
Nxd2 22. Qxd2 a6 23. Rfe1 Qc8 24. Qd3 Kf7 25. Bd2 Bd6 26. Qh3 Qc7 27. g3 Kg8
28. Qg4 Qf7 29. Bf4 Be7 30. h4 Bd8 31. Qf3 Ng6 32. Qe3 Qd7 33. Qf3 Be7 34. Bd2
Bd8 35. b3 Bc7 36. h5 Nf8 37. h6 Bd8 38. hxg7 Qxg7 39. Rec1 Qd7 40. Qe2 Bc7 41.
c4 dxc4 42. bxc4 Qxd4 43. Be3 Qd7 44. cxb5 axb5 45. Rxc6 Qxc6 46. a6 Be5 47.
Ra2 b4 48. a7 Qa8 49. Qg4+ Kf7 50. Qxb4 Ng6 51. Rd2 Ne7 52. Rd7 1-0

[Event "3eme Open International de La Fere"]
[Site "La Fere (FRA)"]
[Date "2004.??.??"]
[Round "7.30"]
[White "Lesot, Jeremy"]
[Black "Trouville, Remi"]
[Result "1-0"]
[WhiteElo "1870"]
[BlackElo "2063"]
[PlyCount "69"]
[EventDate "2004.??.??"]

1. e4 c5 2. Nf3 d6 3. d4 cxd4 4. Nxd4 Nf6 5. Nc3 a6 6. Bg5 e6 7. f4 Bd7 8. Qf3
Qb6 9. O-O-O Nc6 10. Nb3 Rc8 11. Bd3 Na5 12. f5 Be7 13. Kb1 O-O 14. Be3 Qc7 15.
g4 d5 16. e5 Ne4 17. Nxe4 dxe4 18. Bxe4 Rfd8 19. f6 Bf8 20. fxg7 Bxg7 21. Qh3
Nxb3 22. Qxh7+ Kf8 23. axb3 Bb5 24. Rxd8+ Rxd8 25. Bh6 Bxh6 26. Qxh6+ Ke8 27.
Qh8+ Ke7 28. Qf6+ Ke8 29. g5 Rd4 30. Bh7 Qd7 31. g6 Rd1+ 32. Rxd1 Qxd1+ 33. Ka2
Qe1 34. Qxf7+ Kd8 35. Qf8+ 1-0

[Event "3eme Open International de La Fere"]
[Site "La Fere (FRA)"]
[Date "2004.??.??"]
[Round "7.31"]
[White "Bielka, Samuel"]
[Black "Benmenni, Boubekeur"]
[Result "1-0"]
[WhiteElo "2054"]
[BlackElo "1830"]
[PlyCount "95"]
[EventDate "2004.??.??"]

1. d4 Nf6 2. c4 e6 3. Nc3 c5 4. d5 exd5 5. cxd5 d6 6. e4 g6 7. f4 Bg7 8. Nf3
O-O 9. Bd3 a6 10. a4 Ne8 11. O-O Nc7 12. Be3 b6 13. Qe2 f5 14. e5 dxe5 15. fxe5
Bb7 16. d6 Ne8 17. Bc4+ Kh8 18. Bg5 Qd7 19. Be7 Bc6 20. e6 Qb7 21. Bxf8 Bxf8
22. d7 Nxd7 23. exd7 Bxd7 24. Bd5 Bc6 25. Qe6 Bxd5 26. Qxd5 Qb8 27. Ng5 Nf6 28.
Qf7 Bg7 29. Rfe1 Ra7 30. Re7 Rxe7 31. Qxe7 Ng4 32. Nf7+ Kg8 33. Qd8+ Qxd8 34.
Nxd8 Bd4+ 35. Kf1 Nxh2+ 36. Ke1 b5 37. Nc6 Bf6 38. axb5 axb5 39. Ra5 b4 40. Nd1
c4 41. Nxb4 Ng4 42. Nd5 Bd4 43. Ra4 Ne5 44. N1e3 h5 45. Nxc4 Ng4 46. Nce3 Nxe3
47. Rxd4 Nxg2+ 48. Kf2 1-0

[Event "3eme Open International de La Fere"]
[Site "La Fere (FRA)"]
[Date "2004.??.??"]
[Round "7.33"]
[White "Labarthe, Arnaud"]
[Black "Perrien, Francis"]
[Result "1/2-1/2"]
[WhiteElo "2028"]
[BlackElo "1800"]
[PlyCount "113"]
[EventDate "2004.??.??"]

1. d4 d5 2. c4 e6 3. Nc3 Nf6 4. cxd5 exd5 5. Bg5 Be7 6. e3 c6 7. Bd3 Be6 8. Qc2
Nbd7 9. Nge2 h6 10. Bh4 Nh5 11. Bg3 Nxg3 12. Nxg3 Nf6 13. O-O-O g6 14. f3 Qd6
15. Kb1 h5 16. Rhe1 h4 17. Nf1 Rh5 18. g4 hxg3 19. hxg3 b5 20. e4 Qc7 21. g4
Rh8 22. g5 Nd7 23. exd5 cxd5 24. Bxg6 b4 25. Nb5 Qxc2+ 26. Bxc2 Kd8 27. f4 a6
28. f5 Bxf5 29. Bxf5 axb5 30. Bxd7 Kxd7 31. Re5 Rh1 32. Ne3 Rxd1+ 33. Nxd1 Rg8
34. Rxd5+ Kc6 35. Rf5 Rxg5 36. Rxf7 Kd6 37. Kc2 Ke6 38. Rf2 Kd5 39. Ne3+ Ke4
40. Kd2 Bd6 41. Nc2 Bf4+ 42. Rxf4+ Kxf4 43. Nxb4 Ke4 44. Nc2 Kd5 45. Kc3 Kc6
46. Ne3 Rg3 47. Kd3 b4 48. Ke4 Rh3 49. a3 bxa3 50. bxa3 Rh4+ 51. Kd3 Kb5 52.
Nc2 Ka4 53. d5 Kb3 54. d6 Rh3+ 55. Ke4 Kxc2 56. Kd5 Rd3+ 57. Kc6 1/2-1/2